| 000 | 00969nam a2200241Ia 4500 | ||
|---|---|---|---|
| 999 |
_c64397 _d64397 |
||
| 005 | 20240530110729.0 | ||
| 008 | 140319s2007 ua ah g b 000 0 ara d | ||
| 017 |
_a2004/4302 _bمصر. دار الكتب |
||
| 020 | _a9775471443 | ||
| 040 |
_aGCL / _cGCL |
||
| 082 | 0 | 4 |
_a027.625/ _bم م _221 |
| 100 | 0 | _aمحمود المداح | |
| 245 | 1 | 2 |
_aالمكتبة وتثقيف الطفل فى رياض الاطفال والمرحلة الابتدائية التاسيسية : _bرؤية جديدة ودليل ارشادى / _cمحمود المداح |
| 250 | _aط.1 | ||
| 260 |
_aالقاهرة : _bمصر العربية للنشر والتوزيع، _c2007. |
||
| 300 |
_a171 ص : _bايض ؛ _c24 سم. |
||
| 504 | _aيشتمل على ارجاعات ببليوجرافية | ||
| 650 | 0 | 7 |
_aالخدمة المكتبية _2qrmak |
| 650 | 0 | 7 |
_aمكتبات الاطفال _2qrmak |
| 650 | 0 | 7 |
_2qrmak _aثقافة الاطفال |
| 651 | _2qrmak | ||
| 942 |
_2ddc _cBK |
||